Ensayos escogidos de economía colombiana / (Registro nro. 5570)

Detalles MARC
000 -LEADER
fixed length control field 01183nam a2200265Ia 4500
003 - CONTROL NUMBER IDENTIFIER
control field OSt
005 - DATE AND TIME OF LATEST TRANSACTION
control field 20200716181830.0
008 - FIXED-LENGTH DATA ELEMENTS--GENERAL INFORMATION
fixed length control field 191128s1986 ck gr 000 0dspa d
040 ## - CATALOGING SOURCE
Original cataloging agency CO-JMCR
Transcribing agency CO-JMCR
041 0# - LANGUAGE CODE
Language code of text/sound track or separate title spa
082 04 - DEWEY DECIMAL CLASSIFICATION NUMBER
Classification number 330.9861 /
Item number K147e
Edition number 23
100 1# - MAIN ENTRY--PERSONAL NAME
Personal name Kalmanovitz, Salomón,
Relator term autor
9 (RLIN) 5368
245 10 - TITLE STATEMENT
Title Ensayos escogidos de economía colombiana /
Statement of responsibility, etc. Salomón Kalmanovitz
250 ## - EDITION STATEMENT
Edition statement 1a edición
260 ## - PUBLICATION, DISTRIBUTION, ETC.
Place of publication, distribution, etc. Bogotá :
Name of publisher, distributor, etc. Universidad Nacional de Colombia : Centro de Investigaciones para el Desarrollo,
Date of publication, distribution, etc. 1986.
300 ## - PHYSICAL DESCRIPTION
Extent 239 páginas ;
Dimensions 24 cm.
490 0# - SERIES STATEMENT
Series statement Facultad de ciencias económicas
500 ## - GENERAL NOTE
General note Incluye datos biográficos del autor en la cubierta.
505 0# - FORMATTED CONTENTS NOTE
Formatted contents note Algunos aspectos de las teorías sobre el desarrollo agrícola -- La inversión extranjera en la Agro-industria colombiana -- A propósito de Arrubla : crítica a una teoría de la dependencia -- Auge y receso en la economía Colombiana 1968-1975
650 14 - SUBJECT ADDED ENTRY--TOPICAL TERM
Topical term or geographic name entry element Reforma agraria
General subdivision Ensayos
-- conferencias
9 (RLIN) 7445
650 24 - SUBJECT ADDED ENTRY--TOPICAL TERM
Topical term or geographic name entry element Agricultura
General subdivision Ensayos
-- conferencias
9 (RLIN) 7446
650 24 - SUBJECT ADDED ENTRY--TOPICAL TERM
Topical term or geographic name entry element Tenencia de la tierra
9 (RLIN) 7447
650 24 - SUBJECT ADDED ENTRY--TOPICAL TERM
Topical term or geographic name entry element Historia económica
Geographic subdivision Colombia
9 (RLIN) 6882
942 ## - ADDED ENTRY ELEMENTS (KOHA)
Source of classification or shelving scheme Dewey Decimal Classification
Koha item type Books
Existencias
Withdrawn status Lost status Source of classification or shelving scheme Materials specified (bound volume or other part) Damaged status Not for loan Home library Current library Shelving location Date acquired Source of acquisition Total Checkouts Full call number Barcode Date last seen Date last checked out Copy number Price effective from Koha item type
    Dewey Decimal Classification Donacion--15/04/2018--     Biblioteca Pública José María del Castillo y Rada Biblioteca Pública José María del Castillo y Rada General Stacks 11/28/2019 Donación 1 330.9861 / K147e 430002231 04/09/2026 04/09/2026 Ej.1 11/28/2019 Books